Physiologie du ver a soie

Gespeichert in:
Bibliographische Detailangaben
1. Verfasser: J M Legay
Format: Buch
Sprache:Undetermined
Veröffentlicht: Paris Institut National de la Recherche 1960
Schlagworte:
Tags: Tag hinzufügen
Keine Tags, Fügen Sie den ersten Tag hinzu!
Thư viện lưu trữ: Trung tâm Học liệu Trường Đại học Cần Thơ
LEADER 00480nam a2200181Ia 4500
001 CTU_38573
008 210402s9999 xx 000 0 und d
082 |a 595.7 
082 |b L498 
100 |a J M Legay 
245 0 |a Physiologie du ver a soie 
245 0 |c J M Legay 
260 |a Paris 
260 |b Institut National de la Recherche 
260 |c 1960 
650 |a entomology,insects 
904 |i Sáng, 970906 
980 |a Trung tâm Học liệu Trường Đại học Cần Thơ